000 02189nam a2200421 c 4500
999 _c167281
_d167281
003 BLK
005 20250122134955.0
008 180411b bul|||||r ||||||| ||bul||
010 _aKNG00175077000
040 _aBLK
041 _aBUL
_cBUL
072 7 _2bullib
_aК
_xКраезнание
080 _aВидове социална помощ
_b364.4
_x:061.23(497.215)
_z364.4:061.23(497.215)
110 1 _aДряновска колония. Русе
_92310
139 _aДряновска колония. Русе
_bД 91
245 1 0 _aУстав на Дряновската колония в гр. Русе
257 _aBGR
260 _bДряновска колония
_c1924
300 _a26 с.
_c16 см
380 _a3
500 _aПриет от общото учред. събрание на 15.06.1924, утв. със заповед N 2412 от 3.07.1924 на М-вото на нар. просвещение и с N 3871 от 26.08.1924 на М-вото на вътр. работи и нар. здраве. - Съдържа и откъс от кн. на Антон Страшимиров Нашият народ, 3-4 кор. - Съдържа и информация за настоятелството: предс. Иван Т. Йонков, подпредс. Стефан К. Джуров, секретар Атанас Хр. Пенчев, касиер Минчо Инджов, съветници: Боби Пашев, Тодор Колев, Иван Мустаков; Контролна комис.: Лазар Горанов, Иван Борчаков, Иван Русев.
650 4 _aСоциално осигуряване - България
_9308364
651 4 _aБългария
_9241624
651 4 _aРусе
_9179462
651 4 _aДряново
_9153832
653 _aземлячество
653 _aорганизации
653 _aустави
659 _aК
852 _aЦб І 4507
852 _aК 36/Д 91
856 4 _qpdf
856 4 _qpdf
942 _cKNG
_n0
_s1
_01
944 _aCR
_c12.05.2015
_k30558
_lВаля Йорданова
944 _aED
_c12.05.2015
_kВаля_Йорданова
999 _d167281